00154nam a2200061Ia 4500008004100000100001800041245003300059120527s9999 xx 000 0 und d aHowell, et al aBusiness law; text and cases